000 00601pam a2200229 a 4500
001 426481
005 20171227050427.0
008 811026s1982 caua b 001 0 eng
010 _a 81017368
020 _a0716713799
020 _a0716713802 (pbk.)
040 _aDLC
_cDLC
_dDLC
041 _aeng
080 _a519.5 PHI
082 0 0 _a519.5 PHI
_219
100 1 _a55
101 _aSTA
245 1 0 _aStatistical thinking :
_cJohn L. Phillips, Jr.
504 _aBibliography: p. 175-176.
906 _a7
_bcbc
_corignew
_d1
_eocip
_f19
_gy-gencatlg
942 _2ddc
_cBK
999 _c39484
_d39484